| 000 | 00978cam a22002537a 4500 | ||
|---|---|---|---|
| 001 | 12793939 | ||
| 005 | 20220326193327.0 | ||
| 008 | 020517s2001 gw a 000 0 mul | ||
| 010 | _a 2002492177 | ||
| 020 | _a3883755443 | ||
| 040 |
_aDLC _cDLC |
||
| 041 | 0 | _aengfreger | |
| 082 |
_a708 _bB 694v |
||
| 100 | 1 |
_aBoltanski, Christian, _d1944- _92956 |
|
| 245 | 1 | 0 |
_aChristian Boltanski : _bla vie impossible : Anhaltische Gemäldegalerie Dessau, [18.11.2001 bis 6.1.2002] / _c[herausgegeber: Norbert Michels ; redaktion: Norbert Michels und Brigitte Thee]. |
| 260 |
_aKöln : _bW. König, _cc2001. |
||
| 300 |
_a1 v. (unpaged) : _bill. ; _c26 cm. |
||
| 500 | _aFrench, German and English. | ||
| 600 |
_aBoltanski, Christian _d1944 _xExhibiciones _92957 |
||
| 650 |
_xArtistas-portafolio-Exhibiciones _xArte moderno _92958 |
||
| 700 | 1 |
_aMichels, Norbert. _92959 |
|
| 906 |
_a7 _bcbc _corigres _d4 _encip _f20 _gy-gencatlg |
||
| 999 |
_c659 _d659 |
||